| Tag |
First Indicator |
Second Indicator |
Subfields |
| LEADER |
00000cam a22000008a 4500 |
| 001 |
in00000007808 |
| 005 |
20151002070030.0 |
| 008 |
850712s1987 caucfh b s00110 eng |
| 010 |
|
|
|a 85016440
|
| 020 |
|
|
|a 0520054385 (alk. paper)
|
| 035 |
|
|
|a (OCoLC)12315669
|
| 035 |
|
|
|9 AAA0138AM
|
| 040 |
|
|
|a DLC
|c DLC
|d m/c
|d TXA
|d UtOrBLW
|
| 041 |
1 |
|
|a eng
|a rus
|h rus
|
| 050 |
0 |
0 |
|a PG3476.M355
|b Z64 1986
|
| 050 |
|
4 |
|a PG3476.M355
|b Z64 1987
|
| 082 |
0 |
|
|a 891.71/3
|2 19
|
| 100 |
1 |
|
|a Freidin, Gregory.
|
| 245 |
1 |
2 |
|a A coat of many colors :
|b Osip Mandelstam and his mythologies of self- presentation /
|c Gregory Freidin.
|
| 263 |
|
|
|a 8608
|
| 264 |
|
1 |
|a Berkeley :
|b University of California Press,
|c [1987]
|
| 264 |
|
4 |
|c ©1987
|
| 300 |
|
|
|a xvii, 421 pages, 6 unnumbered pages of plates :
|b facsimiles, portraits
|
| 336 |
|
|
|a text
|b txt
|2 rdacontent
|
| 337 |
|
|
|a unmediated
|b n
|2 rdamedia
|
| 338 |
|
|
|a volume
|b nc
|2 rdacarrier
|
| 504 |
|
|
|a Bibliography: pages 385-410.
|
| 500 |
|
|
|a Includes index.
|
| 600 |
1 |
0 |
|a Mandelʹshtam, Osip,
|d 1891-1938
|x Criticism and interpretation.
|
| 999 |
|
|
|a MARS
|
| 999 |
f |
f |
|s 91ebec96-d27f-38cf-89cd-db2f98e726d2
|i a6c9ba95-9dc0-301e-89bb-c6e59a85331e
|t 0
|
| 952 |
f |
f |
|p normal
|a Texas A&M University
|b College Station
|c Sterling C. Evans Library
|d Evans: Library Stacks
|t 0
|e PG3476.M355 Z64 1987
|h Library of Congress classification
|i unmediated -- volume
|m A14812561572
|
| 998 |
f |
f |
|a PG3476.M355 Z64 1987
|t 0
|l Evans: Library Stacks
|